[Event "CYCC U10"]
[Site "Windsor CAN"]
[Date "2016.07.08"]
[Round "7.90"]
[White "Ren, Alexander"]
[Black "Xie, Austin"]
[Result "0-1"]
[WhiteElo "918"]
[BlackElo "1638"]
[PlyCount "164"]
[EventDate "2016.07.05"]
[EventType "swiss"]
[EventRounds "7"]
[EventCountry "CAN"]

1. e4 c5 2. Nf3 d6 3. d4 cxd4 4. Nxd4 Nf6 5. Nc3 g6 6. f3 Bg7 7. Be3 Nc6 8. Be2
Bd7 9. O-O O-O 10. Qd2 a6 11. Nxc6 Bxc6 12. Rad1 Qc7 13. Nd5 Nxd5 14. exd5 Bd7
15. c3 b5 16. Rc1 Rac8 17. Bh6 Bxh6 18. Qxh6 Qc5+ 19. Kh1 Qxd5 20. b3 Qe5 21.
Qd2 Rc5 22. f4 Qd5 23. Qxd5 Rxd5 24. Bf3 Rd2 25. a3 Rb8 26. Rfe1 Kf8 27. Kg1
Bc8 28. Re3 Bb7 29. Bxb7 Rxb7 30. Kf1 Rb2 31. b4 Rb3 32. Ra1 Rc7 33. a4 Rcxc3
34. Rxc3 Rxc3 35. axb5 axb5 36. Ra8+ Kg7 37. Rb8 Rc4 38. Rxb5 Rxf4+ 39. Ke2 Kf6
40. Rb8 Ke6 41. b5 Rb4 42. Rb6 Kd5 43. Rb7 e5 44. Rxf7 Rxb5 45. Rxh7 Rb2+ 46.
Kf1 Ke4 47. Rh3 d5 48. Rg3 Rb6 49. Ke2 Rb2+ 50. Kd1 Rb6 51. Ke2 d4 52. Rd3 Rb2+
53. Rd2 Rxd2+ 54. Kxd2 d3 55. g4 Kd4 56. h4 e4 57. h5 gxh5 58. gxh5 Ke5 59. h6
Kf6 60. h7 Kg7 61. h8=Q+ Kxh8 62. Ke3 Kg7 63. Kd2 Kf6 64. Ke3 Ke5 65. Kd2 Kd4
66. Kd1 Kc3 67. Kc1 d2+ 68. Kd1 e3 69. Ke2 Kc2 70. Kxe3 d1=Q 71. Ke4 Qd2 72.
Ke5 Qd3 73. Kf4 Qe2 74. Kf5 Kd3 75. Kf6 Qe4 76. Kg7 Qf5 77. Kg8 Qf6 78. Kh7 Ke3
79. Kg8 Ke4 80. Kh7 Qg5 81. Kh8 Kf5 82. Kh7 Kf6 0-1

[Event "CYCC U10"]
[Site "Windsor CAN"]
[Date "2016.07.08"]
[Round "7.91"]
[White "Jasniewicz, Karol"]
[Black "Balachandran, Kousihan"]
[Result "0-1"]
[WhiteElo "848"]
[BlackElo "1525"]
[PlyCount "78"]
[EventDate "2016.07.05"]
[EventType "swiss"]
[EventRounds "7"]
[EventCountry "CAN"]

1. e4 c5 2. Nf3 Nc6 3. Nc3 g6 4. d3 Bg7 5. Bd2 Nf6 6. Be2 O-O 7. O-O d6 8. h3
Bd7 9. Be3 a6 10. Qd2 b5 11. Nd1 Rb8 12. c3 a5 13. d4 cxd4 14. cxd4 Nxe4 15.
Qd3 Nf6 16. Nc3 b4 17. Ne4 Nxe4 18. Qxe4 Be8 19. Rac1 d5 20. Qc2 Na7 21. Qd2
Bb5 22. Bxb5 Nxb5 23. Bh6 Nd6 24. Bf4 Ne4 25. Qe3 Rc8 26. Rxc8 Qxc8 27. Rc1 Qa6
28. Ne5 Rc8 29. Rxc8+ Qxc8 30. f3 Nd6 31. Qd2 Nc4 32. Nxc4 Qxc4 33. Be3 Qxa2
34. Qc1 Qc4 35. Qd1 b3 36. Qd2 h6 37. Bxh6 Qxd4+ 38. Qxd4 Bxd4+ 39. Kf1 Bxb2
0-1

[Event "CYCC U10"]
[Site "Windsor CAN"]
[Date "2016.07.08"]
[Round "7.92"]
[White "Zhu, Max"]
[Black "Yuan, Kevin"]
[Result "1-0"]
[WhiteElo "1460"]
[BlackElo "979"]
[PlyCount "59"]
[EventDate "2016.07.05"]
[EventType "swiss"]
[EventRounds "7"]
[EventCountry "CAN"]

1. e4 e5 2. Nf3 Nc6 3. Bc4 Bc5 4. O-O Nf6 5. d3 h6 6. Nc3 O-O 7. Be3 Bb6 8. Na4
Bxe3 9. fxe3 a6 10. Nc3 d6 11. h3 Be6 12. Bb3 Qd7 13. Nh4 Rad8 14. Nf5 Bxf5 15.
exf5 d5 16. Qf3 Rfe8 17. Rad1 d4 18. Ne4 Nd5 19. Bxd5 Qxd5 20. Qg3 Kh7 21. f6
g6 22. Qh4 h5 23. Rf5 Kh6 24. Rxh5+ gxh5 25. Qg5+ Kh7 26. Qxh5+ Kg8 27. Ng5
Qxg2+ 28. Kxg2 Re6 29. Qxf7+ Kh8 30. Qg7# 1-0

[Event "CYCC U10"]
[Site "Windsor CAN"]
[Date "2016.07.08"]
[Round "7.93"]
[White "Fedyushchenko, Alexander"]
[Black "Xing, Blair"]
[Result "1-0"]
[WhiteElo "1136"]
[BlackElo "924"]
[PlyCount "37"]
[EventDate "2016.07.05"]
[EventType "swiss"]
[EventRounds "7"]
[EventCountry "CAN"]

1. e4 e5 2. Nf3 Nc6 3. d4 Nf6 4. Nxe5 Nxe5 5. dxe5 Nxe4 6. Bc4 Bc5 7. Bxf7+ Ke7
8. O-O Rf8 9. Qd5 Rxf7 10. Qxe4 Ke8 11. Qxh7 Qe7 12. Qh5 d6 13. exd6 Bxd6 14.
Bd2 Qe5 15. Re1 Qxe1+ 16. Bxe1 Bf5 17. Qh8+ Bf8 18. Qh5 Bxc2 19. Nc3 1-0

[Event "CYCC U10"]
[Site "Windsor CAN"]
[Date "2016.07.08"]
[Round "7.94"]
[White "Joseph Benher, Savio"]
[Black "Gaisinsky, Jacob"]
[Result "0-1"]
[WhiteElo "721"]
[BlackElo "999"]
[PlyCount "64"]
[EventDate "2016.07.05"]
[EventType "swiss"]
[EventRounds "7"]
[EventCountry "CAN"]

1. e4 e5 2. Nf3 Nc6 3. Bc4 Bc5 4. O-O Nf6 5. Nc3 d6 6. h3 O-O 7. d3 h6 8. Be3
Re8 9. Bxc5 dxc5 10. Qd2 Nh5 11. Bb3 Qf6 12. Nd5 Qg6 13. Kh2 Bd7 14. Nxc7 Nf4
15. Rfd1 Qh5 16. h4 Bg4 17. g3 Bxf3 18. Nxa8 Rxa8 19. Rac1 Nd4 20. Qe3 g5 21.
Kg1 Nfe2+ 22. Kf1 Nxc1 23. Rxc1 Be2+ 24. Kg2 Qf3+ 25. Qxf3 Bxf3+ 26. Kf1 Nxb3
27. cxb3 b6 28. hxg5 hxg5 29. Rc4 Rd8 30. Rc3 b5 31. d4 g4 32. dxc5 Rd1# 0-1

[Event "CYCC U10"]
[Site "Windsor CAN"]
[Date "2016.07.08"]
[Round "7.95"]
[White "Lodhi, Rayyan"]
[Black "Lu, Lucas Yunkun"]
[Result "0-1"]
[WhiteElo "672"]
[BlackElo "1083"]
[PlyCount "66"]
[EventDate "2016.07.05"]
[EventType "swiss"]
[EventRounds "7"]
[EventCountry "CAN"]

1. c4 e5 2. g3 Nc6 3. Bg2 g6 4. Nc3 Bg7 5. d3 d6 6. Nf3 Nf6 7. Bg5 Be6 8. Qd2
Qd7 9. O-O O-O 10. Rfe1 Rfe8 11. Bh6 Nb4 12. Bxg7 Kxg7 13. a3 Nc6 14. Ng5 Nd4
15. e3 Nb3 16. Nxe6+ Qxe6 17. Qe2 Nxa1 18. Rxa1 c6 19. h3 Rh8 20. f4 exf4 21.
gxf4 Rae8 22. Kf2 Nh5 23. Nd1 Nxf4 24. Qf3 Nxd3+ 25. Ke2 Qxc4 26. Qg3 Nf4+ 27.
Kd2 Qe2+ 28. Kc1 Nd3+ 29. Kb1 Qxd1+ 30. Ka2 Qc2 31. Rb1 Nb4+ 32. Ka1 Qb3 33.
axb4 Qa4# 0-1

[Event "CYCC U10"]
[Site "Windsor CAN"]
[Date "2016.07.08"]
[Round "7.96"]
[White "Selvanayayam, Adithan"]
[Black "Si, Patrick"]
[Result "1-0"]
[WhiteElo "799"]
[BlackElo "931"]
[PlyCount "95"]
[EventDate "2016.07.05"]
[EventType "swiss"]
[EventRounds "7"]
[EventCountry "CAN"]

1. e4 e5 2. Nf3 Nc6 3. Bc4 Bc5 4. d3 h6 5. Nc3 Nf6 6. O-O Nxe4 7. Nxe4 d5 8.
Nxc5 dxc4 9. Re1 Qd6 10. Na4 Qg6 11. d4 Bh3 12. g3 O-O 13. Nh4 Qd6 14. dxe5 Qd4
15. Nf3 Qg4 16. e6 fxe6 17. Ne5 Qxd1 18. Rxd1 Nxe5 19. Nc5 Nf3+ 20. Kh1 Bg2+
21. Kxg2 e5 22. Nxb7 Rab8 23. Nc5 Nd4 24. Nd7 Nxc2 25. Nxf8 Nxa1 26. Nd7 Rd8
27. Nf6+ Kf7 28. Rxd8 Kxf6 29. Rf8+ Ke7 30. Ra8 Nc2 31. Rxa7 Kd6 32. b4 Nxb4
33. Ba3 Kc5 34. Rxc7+ Kb5 35. Rb7+ Kc5 36. Rxb4 Kd4 37. Bb2+ Kd3 38. Bxe5 c3
39. Bxc3 Kxc3 40. Rb8 g5 41. a4 h5 42. a5 h4 43. gxh4 gxh4 44. a6 h3+ 45. Kxh3
Kd3 46. a7 Ke2 47. a8=Q Kxf2 48. Rb3 1-0

[Event "CYCC U10"]
[Site "Windsor CAN"]
[Date "2016.07.08"]
[Round "7.97"]
[White "Zaid, Daniyal"]
[Black "Vo, Andy"]
[Result "0-1"]
[WhiteElo "584"]
[BlackElo "1406"]
[PlyCount "110"]
[EventDate "2016.07.05"]
[EventType "swiss"]
[EventRounds "7"]
[EventCountry "CAN"]

1. e4 d6 2. Nf3 Nf6 3. Nc3 g6 4. b3 Bg7 5. Bb2 Nxe4 6. Bd3 Nxc3 7. Bxc3 Bxc3 8.
dxc3 e5 9. O-O O-O 10. Re1 Re8 11. Qd2 Kg7 12. Ng5 Nd7 13. f4 Nc5 14. h3 Nxd3
15. Qxd3 exf4 16. Re4 Bf5 17. Qd4+ Qf6 18. Qxf6+ Kxf6 19. Nxh7+ Kg7 20. Rxe8
Rxe8 21. Ng5 Re2 22. Nf3 Rxc2 23. Nd4 Rxc3 24. Nxf5+ gxf5 25. Kh2 f3 26. g3 Re3
27. Rc1 c6 28. g4 fxg4 29. hxg4 Re8 30. Kg3 Rc8 31. Kxf3 c5 32. b4 c4 33. Ke3
Kg6 34. Kd4 b5 35. Ra1 Kg5 36. a4 a6 37. axb5 axb5 38. Ra5 Kxg4 39. Rxb5 c3 40.
Kd3 c2 41. Rc5 dxc5 42. Kxc2 cxb4+ 43. Kb3 f5 44. Kxb4 f4 45. Kb5 f3 46. Kb6 f2
47. Kb7 f1=Q 48. Kxc8 Qd3 49. Kc7 Qa6 50. Kd7 Qb6 51. Ke7 Qc6 52. Kf7 Qd6 53.
Ke8 Qc7 54. Kf8 Kf5 55. Ke8 Ke6 0-1

[Event "CYCC U10"]
[Site "Windsor CAN"]
[Date "2016.07.08"]
[Round "7.98"]
[White "Zhao, Tianjiu"]
[Black "Ho, Hewitt"]
[Result "1-0"]
[WhiteElo "1016"]
[BlackElo "749"]
[PlyCount "73"]
[EventDate "2016.07.05"]
[EventType "swiss"]
[EventRounds "7"]
[EventCountry "CAN"]

1. e4 e5 2. Nf3 Nc6 3. Bc4 Nf6 4. Ng5 Nxe4 5. Nxf7 Qf6 6. O-O Ng5 7. Nxh8 Bd6
8. d3 Nd8 9. Qh5+ g6 10. Qxg5 Qxg5 11. Bxg5 Be7 12. Bxe7 Kxe7 13. f4 d5 14.
Bxd5 Bf5 15. fxe5 c6 16. Be4 Ne6 17. Nxg6+ hxg6 18. Bxf5 gxf5 19. Rxf5 Nd4 20.
Rf2 Rf8 21. Rxf8 Kxf8 22. Na3 Ne2+ 23. Kf2 Nd4 24. c3 Nf5 25. Ke2 b5 26. Rf1
Kf7 27. Rxf5+ Ke6 28. g4 c5 29. Nxb5 c4 30. d4 a5 31. h4 a4 32. h5 a3 33. Nxa3
Kd5 34. h6 Ke4 35. h7 Kd5 36. h8=Q Ke4 37. Qh1# 1-0

[Event "CYCC U10"]
[Site "Windsor CAN"]
[Date "2016.07.08"]
[Round "7.101"]
[White "Hasanov, Tahir"]
[Black "Yim, Justin"]
[Result "0-1"]
[WhiteElo "608"]
[BlackElo "708"]
[PlyCount "98"]
[EventDate "2016.07.05"]
[EventType "swiss"]
[EventRounds "7"]
[EventCountry "CAN"]

1. e4 e5 2. Nf3 Nc6 3. Bb5 d6 4. O-O Nf6 5. d3 Be7 6. Bg5 h6 7. Bxf6 Bxf6 8.
Nc3 Bg4 9. Nd5 a6 10. Bxc6+ bxc6 11. Nxf6+ Qxf6 12. h3 Be6 13. Qe2 O-O 14. Nd2
Qg6 15. g4 Rab8 16. b3 d5 17. exd5 Bxd5 18. c4 Be6 19. f4 exf4 20. Rxf4 Rfe8
21. Ne4 f5 22. Nc5 Bc8 23. Qf2 Qf6 24. gxf5 Qxa1+ 25. Kg2 Rf8 26. f6 Rxf6 27.
Rxf6 Qxf6 28. Qg3 Qg5 29. h4 Qxg3+ 30. Kxg3 Kf7 31. Ne4 Bf5 32. Nf2 g5 33. hxg5
hxg5 34. d4 Rd8 35. d5 cxd5 36. cxd5 Rxd5 37. Ng4 Bxg4 38. Kxg4 Rd2 39. a4 Rf2
40. Kxg5 Ke6 41. Kg4 Ke5 42. Kg3 Rf8 43. Kg4 Rf7 44. Kg5 Rg7+ 45. Kh4 Kf5 46.
Kh3 Kf4 47. Kh2 Kf3 48. Kh1 Kf2 49. b4 Rh7# 0-1

[Event "CYCC U10 w"]
[Site "Windsor CAN"]
[Date "2016.07.05"]
[Round "1.105"]
[White "Kuleshova, Julia"]
[Black "Zhou, Madison"]
[Result "1-0"]
[WhiteElo "1553"]
[BlackElo "737"]
[PlyCount "71"]
[EventDate "2016.07.05"]
[EventType "swiss"]
[EventRounds "7"]
[EventCountry "CAN"]

1. e4 e5 2. Nf3 Nc6 3. Bb5 a6 4. Ba4 Nf6 5. d3 Bc5 6. O-O O-O 7. Bxc6 dxc6 8.
Nxe5 Be6 9. c3 h6 10. Re1 Qe7 11. d4 Bd6 12. Nf3 Nh5 13. e5 Rad8 14. exd6 Rxd6
15. Ne5 Nf6 16. b3 Rdd8 17. Ba3 Qe8 18. Bxf8 Qxf8 19. Nd2 Qd6 20. Ndc4 Qe7 21.
f4 Bxc4 22. Nxc6 Qd7 23. Nxd8 Qxd8 24. bxc4 Qd7 25. Qc2 g6 26. Rad1 Qd6 27. c5
Qxf4 28. Qf2 Qxf2+ 29. Kxf2 Ng4+ 30. Kg3 Nf6 31. d5 c6 32. d6 Nh5+ 33. Kf2 Nf6
34. d7 Nxd7 35. Rxd7 f5 36. Re8# 1-0

[Event "CYCC U10 w"]
[Site "Windsor CAN"]
[Date "2016.07.05"]
[Round "1.106"]
[White "Zhang, Wendy"]
[Black "Gilani, Mysha"]
[Result "0-1"]
[WhiteElo "733"]
[BlackElo "1521"]
[PlyCount "80"]
[EventDate "2016.07.05"]
[EventType "swiss"]
[EventRounds "7"]
[EventCountry "CAN"]

1. e4 e5 2. Nf3 Nc6 3. Bc4 Bc5 4. O-O Nf6 5. d3 d6 6. Nc3 h6 7. h3 O-O 8. Be3
Bb6 9. Qe2 Be6 10. Bb3 Qe7 11. Rad1 Nd4 12. Bxd4 exd4 13. Nb5 c5 14. c4 a6 15.
Na3 Nh5 16. Nh2 Nf4 17. Qf3 Qg5 18. Ng4 h5 19. Nh2 Bxh3 20. Qg3 Ne2+ 21. Kh1
Nxg3+ 22. fxg3 Bg4 23. Nxg4 Qxg4 24. Kh2 h4 25. Rf3 hxg3+ 26. Rxg3 Qh4+ 27. Rh3
Qf4+ 28. Kg1 Bd8 29. Rf1 Qg4 30. Bd1 Qe6 31. Rf5 g6 32. Rff3 Kg7 33. Rfg3 Rh8
34. Bg4 Qe5 35. Kh2 Bh4 36. Nc2 Bxg3+ 37. Kg1 Qf4 38. Be2 Qf2+ 39. Kh1 Rxh3+
40. gxh3 Qh2# 0-1

[Event "CYCC U10 w"]
[Site "Windsor CAN"]
[Date "2016.07.05"]
[Round "1.107"]
[White "Lin, Angela"]
[Black "Fan, Elaine"]
[Result "0-1"]
[WhiteElo "1246"]
[BlackElo "676"]
[PlyCount "110"]
[EventDate "2016.07.05"]
[EventType "swiss"]
[EventRounds "7"]
[EventCountry "CAN"]

1. d4 d5 2. Nf3 Nc6 3. e3 Bg4 4. Be2 e6 5. Ne5 Bxe2 6. Qxe2 Nxe5 7. dxe5 c6 8.
O-O Bc5 9. Rd1 Ne7 10. e4 O-O 11. b3 Ng6 12. exd5 exd5 13. Bb2 Qg5 14. g3 Nf4
15. Qf1 Qg4 16. Nd2 Nh3+ 17. Kg2 Nxf2 18. Re1 f5 19. Re2 Qh3+ 20. Kf3 Qh5+ 21.
Kg2 Qh3+ 22. Kf3 Qg4+ 23. Kg2 Ne4 24. Nxe4 fxe4 25. h3 Qf3+ 26. Qxf3 exf3+ 27.
Kf1 fxe2+ 28. Kxe2 Rf2+ 29. Kd3 Rf3+ 30. Ke2 Rxg3 31. Rf1 Rxh3 32. Kd2 Re8 33.
Kc1 Re3 34. Kb1 d4 35. Rd1 R8xe5 36. Bxd4 Re1 37. Bxe5 Rxd1+ 38. Kb2 Bd4+ 39.
Bxd4 Rxd4 40. c3 Rd8 41. Ka3 h5 42. Kb4 h4 43. a4 h3 44. Ka5 h2 45. b4 h1=Q 46.
c4 Qh5+ 47. c5 b6+ 48. Ka6 bxc5 49. b5 cxb5 50. axb5 Rd6+ 51. Ka5 Qf3 52. Ka4
Qd1+ 53. Ka3 Rd3+ 54. Ka2 Qe2+ 55. Kb1 Rd1# 0-1

[Event "CYCC U10 w"]
[Site "Windsor CAN"]
[Date "2016.07.05"]
[Round "1.108"]
[White "Calugar, Emma"]
[Black "Shen, Isamel"]
[Result "0-1"]
[WhiteElo "651"]
[BlackElo "1222"]
[PlyCount "62"]
[EventDate "2016.07.05"]
[EventType "swiss"]
[EventRounds "7"]
[EventCountry "CAN"]

1. e4 e5 2. Nf3 Nc6 3. Bc4 Bc5 4. b4 Bxb4 5. c3 Ba5 6. d4 exd4 7. Qb3 Qe7 8.
O-O Nf6 9. Ba3 d6 10. Re1 O-O 11. cxd4 Bxe1 12. Nxe1 Nxd4 13. Qe3 Qxe4 14. Qd2
Re8 15. Nc3 Qg4 16. h3 Rxe1+ 17. Qxe1 Nf3+ 18. Kh1 Nxe1 19. Rxe1 Qxc4 20. Bb2
Bf5 21. g3 Re8 22. Ne2 Rxe2 23. Rxe2 Qxe2 24. Bxf6 gxf6 25. a4 c5 26. a5 c4 27.
a6 bxa6 28. h4 c3 29. h5 c2 30. h6 Qh5+ 31. Kg1 c1=Q+ 0-1

[Event "CYCC U10 w"]
[Site "Windsor CAN"]
[Date "2016.07.05"]
[Round "1.109"]
[White "Wang, Sophia"]
[Black "Surya, Dania"]
[Result "1-0"]
[WhiteElo "965"]
[BlackElo "627"]
[PlyCount "83"]
[EventDate "2016.07.05"]
[EventType "swiss"]
[EventRounds "7"]
[EventCountry "CAN"]

1. e4 e5 2. Nf3 Nc6 3. Bc4 Nf6 4. Ng5 d5 5. exd5 Nd4 6. d6 Qxd6 7. Nxf7 Qc6 8.
Nxh8 Qxc4 9. c3 Nc6 10. d3 Qd5 11. Qf3 Qxf3 12. gxf3 Bf5 13. Bg5 Bxd3 14. Kd2
Bf5 15. Re1 O-O-O+ 16. Ke3 Bc5+ 17. Ke2 Rxh8 18. Rd1 h6 19. Be3 Bxe3 20. fxe3
Rd8 21. Rxd8+ Kxd8 22. Na3 g5 23. Rd1+ Ke7 24. Nb5 g4 25. Nxc7 gxf3+ 26. Kf2 e4
27. Nd5+ Nxd5 28. Rxd5 Be6 29. Rh5 Ne5 30. Rxe5 Kf6 31. Rxe4 Bxa2 32. Rf4+ Kg5
33. Kxf3 Bd5+ 34. Kg3 b5 35. h4+ Kg6 36. e4 Be6 37. e5 a5 38. Rf6+ Kh5 39. Rxe6
b4 40. cxb4 axb4 41. Kf4 Kxh4 42. Rxh6# 1-0

[Event "CYCC U10 w"]
[Site "Windsor CAN"]
[Date "2016.07.05"]
[Round "1.110"]
[White "Tao, Kaitlyn"]
[Black "Guo, Veronica (Yu Han)"]
[Result "0-1"]
[WhiteElo "626"]
[BlackElo "933"]
[PlyCount "86"]
[EventDate "2016.07.05"]
[EventType "swiss"]
[EventRounds "7"]
[EventCountry "CAN"]

1. e4 e5 2. Nf3 Nc6 3. Bc4 Bc5 4. c3 Nf6 5. d4 exd4 6. cxd4 Bb4+ 7. Nc3 Nxe4 8.
O-O Bxc3 9. bxc3 O-O 10. Qd3 Re8 11. Re1 d5 12. Bb5 Bd7 13. Bg5 Nxg5 14. Nxg5
Qxg5 15. Rxe8+ Rxe8 16. Qf3 a6 17. Bd3 Re6 18. Rb1 Rf6 19. Qe2 b5 20. Re1 Re6
21. Qd1 Rxe1+ 22. Qxe1 g6 23. Qe3 Qxe3 24. fxe3 b4 25. Bxa6 bxc3 26. Bd3 Nb4
27. Bb1 c2 28. Bxc2 Nxc2 29. Kf2 f5 30. h3 Kf7 31. g4 fxg4 32. hxg4 Bxg4 33. a4
Bc8 34. Kf3 h5 35. a5 g5 36. Kf2 h4 37. Kf3 g4+ 38. Kf4 h3 39. a6 Bxa6 40. Kxg4
h2 41. Kg5 h1=Q 42. e4 Qxe4 43. Kh6 Qg6# 0-1

[Event "CYCC U10 w"]
[Site "Windsor CAN"]
[Date "2016.07.05"]
[Round "1.111"]
[White "Boucher, Anne-Marie"]
[Black "Wang, Jenna"]
[Result "0-1"]
[WhiteElo "915"]
[BlackElo "550"]
[PlyCount "52"]
[EventDate "2016.07.05"]
[EventType "swiss"]
[EventRounds "7"]
[EventCountry "CAN"]

1. e4 e5 2. Bc4 Nf6 3. Nc3 Nc6 4. Nf3 Nxe4 5. Nxe4 d5 6. Bd3 dxe4 7. Bxe4 Bd7
8. O-O Bc5 9. d3 Qe7 10. Bg5 f6 11. Bh4 O-O-O 12. Qd2 g5 13. Bg3 f5 14. Bd5 f4
15. Bxf4 gxf4 16. Rfe1 Bb4 17. c3 Bd6 18. d4 Nb4 19. dxe5 Bc5 20. e6 Bc6 21. c4
Nxd5 22. Ng5 Rhg8 23. Nf3 Bb4 24. Qe2 Bxe1 25. Qxe1 Qg7 26. Ne5 Qxg2# 0-1

[Event "CYCC U10 w"]
[Site "Windsor CAN"]
[Date "2016.07.05"]
[Round "1.112"]
[White "Lariviere, Wen Shi"]
[Black "Ye, Sarah"]
[Result "0-1"]
[WhiteElo "523"]
[BlackElo "835"]
[PlyCount "54"]
[EventDate "2016.07.05"]
[EventType "swiss"]
[EventRounds "7"]
[EventCountry "CAN"]

1. e4 e5 2. Bc4 Bc5 3. Nh3 d6 4. O-O Bxh3 5. d4 Bxd4 6. gxh3 Nf6 7. Kg2 O-O 8.
Bg5 Bxb2 9. Bxf6 Qxf6 10. Na3 Bxa3 11. Rb1 h6 12. Bd5 Na6 13. Rb3 c6 14. Rxa3
cxd5 15. Qxd5 Nb4 16. Qxb7 Nxc2 17. Rxa7 Rxa7 18. Qxa7 Nd4 19. Rb1 Qg6+ 20. Kh1
Qxe4+ 21. Kg1 Qxb1+ 22. Kg2 Rb8 23. Qa3 Rb2 24. Kg3 Rd2 25. Qa8+ Kh7 26. f3
Qg6+ 27. Kh4 Qg5# 0-1

[Event "CYCC U10 w"]
[Site "Windsor CAN"]
[Date "2016.07.06"]
[Round "2.103"]
[White "Guo, Veronica (Yu Han)"]
[Black "Kuleshova, Julia"]
[Result "1-0"]
[WhiteElo "933"]
[BlackElo "1335"]
[PlyCount "75"]
[EventDate "2016.07.05"]
[EventType "swiss"]
[EventRounds "7"]
[EventCountry "CAN"]

1. e4 c5 2. Nf3 d6 3. d4 cxd4 4. Nxd4 Nf6 5. Nc3 a6 6. f3 e6 7. Be3 Be7 8. Qd2
Nc6 9. O-O-O Nxd4 10. Qxd4 O-O 11. g4 Nd7 12. Kb1 b5 13. Be2 Bb7 14. Rdg1 e5
15. Qd2 Nb6 16. g5 b4 17. Nd5 Nxd5 18. exd5 a5 19. h4 g6 20. h5 Kg7 21. hxg6
fxg6 22. f4 Bc8 23. fxe5 dxe5 24. Bc4 Bd6 25. Rxh7+ Kxh7 26. Qh2+ Kg7 27. Qh6+
Kf7 28. Rf1+ Bf5 29. Qh7+ Ke8 30. Bb5+ Qd7 31. Bxd7+ Bxd7 32. Qxg6+ Kd8 33.
Bb6+ Kc8 34. Rxf8+ Bxf8 35. Qg8 Kb7 36. Qf7 Kxb6 37. Qxd7 Bc5 38. Qc6+ 1-0

[Event "CYCC U10 w"]
[Site "Windsor CAN"]
[Date "2016.07.06"]
[Round "2.104"]
[White "Gilani, Mysha"]
[Black "Pobereshnikova, Faina"]
[Result "1-0"]
[WhiteElo "1562"]
[BlackElo "745"]
[PlyCount "79"]
[EventDate "2016.07.05"]
[EventType "swiss"]
[EventRounds "7"]
[EventCountry "CAN"]

1. d4 d5 2. c4 e6 3. Nc3 Nf6 4. cxd5 exd5 5. Bg5 Be7 6. e3 c6 7. Bd3 h6 8. Bh4
Nbd7 9. Nge2 O-O 10. O-O Nb6 11. Qc2 g6 12. Bxg6 Ne4 13. Bxe7 Qxe7 14. Bxe4
dxe4 15. Qxe4 Qg5 16. Ng3 Nc4 17. h4 Qg7 18. Nh5 f5 19. Qc2 Qg4 20. Nf4 Qxh4
21. Ng6 Qg5 22. Nxf8 Kxf8 23. Qe2 Nd6 24. d5 cxd5 25. Nxd5 b6 26. Nc7 Bb7 27.
Ne6+ Ke7 28. Nxg5 hxg5 29. Rac1 Rc8 30. Rxc8 Nxc8 31. Qh5 Kf6 32. Qh6+ Ke5 33.
Qxg5 Nd6 34. Rd1 Bc8 35. Qf4+ Kf6 36. Rxd6+ Be6 37. Qc4 Kg5 38. Rxe6 Kh5 39.
Qf4 a6 40. Rh6# 1-0

[Event "CYCC U10 w"]
[Site "Windsor CAN"]
[Date "2016.07.06"]
[Round "2.106"]
[White "Fan, Elaine"]
[Black "Wang, Sophia"]
[Result "0-1"]
[WhiteElo "676"]
[BlackElo "965"]
[PlyCount "127"]
[EventDate "2016.07.05"]
[EventType "swiss"]
[EventRounds "7"]
[EventCountry "CAN"]

1. e4 e6 2. d4 d5 3. e5 c5 4. c3 Nc6 5. Nf3 Be7 6. Be2 f6 7. Bf4 Bd7 8. O-O Qc7
9. exf6 Qxf4 10. fxg7 Qf6 11. gxh8=Q Qxh8 12. Bb5 Qg7 13. Bxc6 bxc6 14. Ne5
O-O-O 15. Qa4 Kb7 16. Nd2 Bd6 17. Nb3 Ra8 18. Na5+ Kc7 19. Naxc6 Nf6 20. Qa5+
Kb7 21. dxc5 Bxe5 22. Nxe5 Nh5 23. Qb4+ Kc7 24. Nxd7 Kxd7 25. Qb7+ Ke8 26.
Qxa8+ Kf7 27. Qxa7+ Kf6 28. Qxg7+ Nxg7 29. Rfe1 Ke7 30. Re5 Ke8 31. Rae1 Ke7
32. Rg5 Ne8 33. Rg7+ Nxg7 34. a4 Kd7 35. a5 Kc7 36. Ra1 Kb7 37. c6+ Kxc6 38. a6
Ne8 39. a7 Nc7 40. a8=Q+ Nxa8 41. Rxa8 e5 42. Rh8 d4 43. cxd4 exd4 44. Kf1 d3
45. Ke1 d2+ 46. Kxd2 h5 47. Rxh5 Kd6 48. Ke3 Ke6 49. Kf4 Kf6 50. Rh6+ Kg7 51.
Ra6 Kf7 52. Ke5 Kg7 53. Kf5 Kh7 54. Kg5 Kg7 55. Ra7+ Kf8 56. Kg6 Ke8 57. Kf6
Kd8 58. Rh7 Ke8 59. h3 Kd8 60. Ke6 Kc8 61. Kd6 Kb8 62. Kc6 Ka8 63. Kb6 Kb8 64.
Rh8# 0-1

[Event "CYCC U10 w"]
[Site "Windsor CAN"]
[Date "2016.07.06"]
[Round "2.107"]
[White "Wang, Jenna"]
[Black "Calugar, Alice"]
[Result "1/2-1/2"]
[WhiteElo "550"]
[BlackElo "885"]
[PlyCount "105"]
[EventDate "2016.07.05"]
[EventType "swiss"]
[EventRounds "7"]
[EventCountry "CAN"]

1. d4 d5 2. c4 e6 3. Nc3 Nf6 4. e3 Bb4 5. Nf3 Ne4 6. Bd3 Nxc3 7. bxc3 Bxc3+ 8.
Bd2 Bxa1 9. Qxa1 O-O 10. O-O Nc6 11. c5 b6 12. e4 bxc5 13. dxc5 dxe4 14. Bxe4
Bb7 15. Rb1 Rb8 16. Rb2 Qf6 17. Qb1 h6 18. Bxc6 Bxc6 19. Rxb8 Rxb8 20. Qxb8+
Kh7 21. Qb1+ g6 22. Ne1 Qd4 23. Be3 Qg4 24. h3 Qf5 25. Qxf5 exf5 26. Bf4 Bd5
27. a3 c6 28. Nd3 g5 29. Bd2 h5 30. Bxg5 Kg6 31. h4 f6 32. Nf4+ Kf7 33. Bh6 Bc4
34. f3 a5 35. Kh2 a4 36. Nh3 Kg6 37. Be3 Bf7 38. f4 Be8 39. Nf2 Bf7 40. Nd3 Bc4
41. Kg3 Kh6 42. Kf2 Kg6 43. Kf3 Kh6 44. Bd4 Kg6 45. Ke3 Kf7 46. Bc3 Ke6 47. Kd4
Kd7 48. Ke3 Ke6 49. Bxf6 Kxf6 50. Kd4 Ke6 51. Ke3 Kf6 52. Kf3 Kg6 53. Nb2
1/2-1/2

[Event "CYCC U10 w"]
[Site "Windsor CAN"]
[Date "2016.07.06"]
[Round "2.108"]
[White "Zhang, Wendy"]
[Black "Lin, Angela"]
[Result "0-1"]
[WhiteElo "733"]
[BlackElo "1203"]
[PlyCount "66"]
[EventDate "2016.07.05"]
[EventType "swiss"]
[EventRounds "7"]
[EventCountry "CAN"]

1. e4 c5 2. Nf3 e6 3. d4 cxd4 4. Nxd4 Nc6 5. Be3 Nf6 6. Nc3 Bb4 7. a3 Bxc3+ 8.
bxc3 Nxe4 9. Qd3 Nf6 10. Be2 d5 11. O-O e5 12. Nxc6 bxc6 13. Bg5 Qd6 14. c4 Bb7
15. Rab1 Ba6 16. Rb4 O-O 17. Ra4 Bb7 18. Ra5 e4 19. Qd4 Rfd8 20. c5 Qe7 21. Bf4
Ne8 22. Be5 f6 23. Bf4 Nc7 24. Bg4 Ne6 25. Bxe6+ Qxe6 26. Ra4 Bc8 27. Re1 Qg4
28. Rxe4 dxe4 29. Qxd8+ Kf7 30. Rxe4 Bf5 31. Re7+ Kg6 32. Qxa8 Qd1+ 33. Re1
Qxe1# 0-1

[Event "CYCC U10 w"]
[Site "Windsor CAN"]
[Date "2016.07.06"]
[Round "2.109"]
[White "Surya, Dania"]
[Black "Boucher, Anne-Marie"]
[Result "1-0"]
[WhiteElo "627"]
[BlackElo "915"]
[PlyCount "27"]
[EventDate "2016.07.05"]
[EventType "swiss"]
[EventRounds "7"]
[EventCountry "CAN"]

1. e4 e5 2. d4 f6 3. Nf3 Nc6 4. Bc4 Bb4+ 5. Bd2 Bd6 6. dxe5 fxe5 7. Bg5 Nge7 8.
O-O Na5 9. Bd5 c6 10. Bb3 Bc7 11. Nh4 d6 12. Qf3 h6 13. Qf7+ Kd7 14. Be6# 1-0

[Event "CYCC U10 w"]
[Site "Windsor CAN"]
[Date "2016.07.06"]
[Round "2.110"]
[White "Ye, Sarah"]
[Black "Calugar, Emma"]
[Result "1-0"]
[WhiteElo "835"]
[BlackElo "651"]
[PlyCount "85"]
[EventDate "2016.07.05"]
[EventType "swiss"]
[EventRounds "7"]
[EventCountry "CAN"]

1. e4 e5 2. Nf3 Nc6 3. Bc4 Nf6 4. d3 Bc5 5. Nc3 d6 6. h3 O-O 7. O-O Re8 8. Bg5
Bd7 9. Nd5 Qc8 10. Bxf6 gxf6 11. Nxf6+ Kf8 12. Nxe8 Qxe8 13. Ng5 Qe7 14. Qh5
Be8 15. Nf3 f6 16. Qh6+ Qg7 17. Qh4 Rd8 18. Nh2 Qg5 19. Qxh7 Bg6 20. Qg8+ Ke7
21. Qg7+ Ke8 22. Qg8+ Ke7 23. Qg7+ Ke8 24. Ng4 Bh5 25. Nxf6+ Qxf6 26. Qxf6 Ne7
27. Qh8+ Kd7 28. Qxh5 Kc8 29. Qe2 Nc6 30. Qd2 Nd4 31. b4 Bb6 32. a4 a6 33. c3
Nc6 34. b5 Ne7 35. bxa6 Nc6 36. Rab1 Ba7 37. Be6+ Kb8 38. Qb2 Na5 39. Qb5 b6
40. Qxa5 Ka8 41. Qd5+ c6 42. Qxc6+ Kb8 43. Qb7# 1-0